|
|
|
|
| LEADER |
00659nab a2200181 i 4500 |
| 001 |
acta11140 |
| 005 |
20210707144052.0 |
| 008 |
161015s1981 hu o 0|| hun d |
| 022 |
|
|
|a 1216-8033
|
| 040 |
|
|
|a SZTE Egyetemi Kiadványok Repozitórium
|b hun
|
| 041 |
|
|
|a hun
|
| 100 |
1 |
|
|a Deák Ágnes
|
| 245 |
1 |
0 |
|a Rövid beszélgetés Deák Ágnessel, karunk uj [új!] KISZ-titkárával a küldöttgyülés [küldöttgyűlés!] után
|h [elektronikus dokumentum] /
|c Deák Ágnes
|
| 260 |
|
|
|c 1981
|
| 300 |
|
|
|a 1-7
|
| 490 |
0 |
|
|a Gondolat-jel
|
| 695 |
|
|
|a Társadalomtudomány
|
| 856 |
4 |
0 |
|u http://acta.bibl.u-szeged.hu/11140/1/gondolatjel_1981_3_001-007.pdf
|z Dokumentum-elérés
|